000 00652nam a2200193 4500
999 _c11925
_d11925
008 210114b ||||| |||| 00| 0 eng d
020 _a81-7016-103-7
_cRs.1000.00
041 0 _ahin
082 0 0 _a891.43
_bS272
100 _94182
_aSaxena, Sarweshwar Dayal
245 1 0 _aSampurna gadya rachanayen Vol.4 /
_cby Sarweshwar Dayal Saxena
245 1 0 _aसंपूर्ण गद्य रचनाएँ खंड ४ /
_cसर्वेश्वर दयाल सक्सेना
250 _a1st ed.
260 _aNew Delhi :
_bKitaab ghar,
_c1992.
300 _a632 p.
365 _bINR 1000.00
650 0 _aHindi fiction
942 _2ddc
_cBK